1658 1156 1702 1721 1393 1597 1768 1672 1408 1683 1688 1783 1586 1170 1603 1543 1526 1658 1073 1256 1065 1458 1936 1128 1029 1496 1590 1568 1568 1781 1099 1431 1023 1853 1468 1563 1964 1367 1151 1242 1307 1899 1016 1071 1205 1755 1175 1931 1276 1295 1894 1278 1880 1757 1140 1211 1737 1343 1577 1337 1267 1088 1278 1641 1804 1298 1795 1555 1220 1705 1310 1808 1026 1800 1566 1387 1228 1275 1494 1060 1854 1995 1935 1322 1861 1516 1944 1217 1475 1574 1153 1875 1435 1888 1066 1227 1306 1568 1771 BCNSPRNW ULIB Ver.6.0+V

เปลี่ยนเป็นภาษาไทย

Change to English
 แสดงรายละเอียดบรรณานุกรม
  กลับหน้าหลัก

Brief Record : Get Marc (ISO 2709) : E-mail record : QR code < ปิดหน้าต่าง
LEADER : 00000nam 2200000uu 4500
001    13399108179
003     ULIB
008    110220s2549||||th 000 0 tha d
060  4 WY18.2^bว587ส 2549
110 1  วิทยาลัยพยาบาลเครือข่ายภาคกลาง
245 00 สาระทบทวน วิชา การพยาบาลผู้สูงอายุ/^cวิทยาลัยพยาบาลเครือข่ายภาคกลาง
250    พิมพ์ครั้งที่ 2
260    กรุงเทพฯ:^bวิทยาลัยพยาบาลเครือข่ายภาคกลาง,^c2549
300    137
650  7 การพยาบาลผู้สูงอายุ^xคำถามและคำตอบ
945    ^p0^l0^i019339
995    ทศพร
999 ^a ใช้งานได้ทุกระบบ
รายการนี้ยังไม่มีแท็ก
คุณยังไม่ได้ล็อกอิน คุณสามารถมีกิจกรรมร่วมกับเว็บไซต์ได้ แต่ต้องล็อกอินก่อน ::
  ล็อกอิน

รายการสื่อสารสนเทศ

ลำดับที่ ประเภท เลขเรียก/บาร์โค้ด สถานที่ สถานะ
- ไม่พบข้อมูล -

BibComment


ยังไม่เคยถูกคอมเมนท์

คอมเมนท์ทรัพยากรรายการนี้
  คอมเมนท์: สาระทบทวน วิชา กา..


 Copyright 2026. Bcnsprnw @Library